Datum a čas kvízu
39
Celkem bodů
Celkový počet nahraných bodů na tomto kvízu bez doplňovacích otázek.
2.
Pořadí na kvízu
Konečné umístění týmu na tomto kvízu.
Zaznamenané odpovědi
| # | Otázka | Odpověď | Body | Výsledky |
|---|---|---|---|---|
| 1. | Vláda minulý týden představila... | úkol | 0 | |
| 2. | Minulý týden bylo rozhodnuto o... | Julian Assange | 1 | |
| 3. | Andrej Babiš navštívil festiva... | Mirai | 1 | |
| 4. | V Moskvě bylo otevřeno prvních... | Chutně a tečka / Vkusno & točka | 1 | |
| 5. | Český svaz ledního hokeje má o... | Alois Hadamczik | 1 | |
| 6. | V následujících pěti otázkách... | Vykoupení z věznice Shawshank; Tim Robbins a Morgan Freeman | 0.5 | |
| 7. | Pokračujeme snímkem Pulp Ficti... | 1D 2A 3B 4C | 1 | |
| 8. | V roce 2013 byl natočen životo... | James Hunt, Niki Lauda | 0.5 | |
| 9. | Herci Zdeněk Svěrák a Daniela... | Na samotě u lesa, Akumulátor I, Vratné lahve, Betlémské světlo | 1 | |
| 10. | Přiřaďte k sobě herecké předst... | 1C 2D 3B 4A | 1 |